| 000 | 00601cam a2200217 a 4500 | ||
|---|---|---|---|
| 001 | 000007719 | ||
| 005 | 20200929154256.0 | ||
| 008 | 950327s1993 sp 000 f spa d | ||
| 020 | _a8401374871 | ||
| 040 |
_aDO-SdBNP _cDLC |
||
| 082 |
_a863.6 _bS399r |
||
| 100 | 1 |
_aSchwartz, Fernando, _d1937- _921392 |
|
| 245 | 1 | 3 |
_aLa reina de Serbia / _cFernando Schwartz. |
| 260 |
_aBarcelona : _bPlaza & Janés, _c1993. |
||
| 300 |
_a349 p. ; _c22 cm. |
||
| 650 | 4 |
_aNovela española _91123 |
|
| 650 | 4 |
_aLiteratura española _9632 |
|
| 910 | _aCatalogación por copia / LC | ||
| 910 | _aWM | ||
| 049 | _aBNGR | ||
| 999 |
_c7497 _d7497 |
||